God has many names : Britain's new religious pluralism /

Bibliographic Details
Main Author: Hick, John, 1922-2012
Format: Book
Language:English
Published: London : Macmillan, 1980.
Subjects:

MARC

Tag First Indicator Second Indicator Subfields
LEADER 00000cam a2200000 a 4500
001 in00000095438
005 20150923173538.0
008 820804s1980 enk b 00110 eng
010 |a  81145449  
015 |a GB80-23993 
020 |a 0333277589 (pbk.) :  |c 92.95 
035 |a (OCoLC)07309158 
035 |9 AAK8079AM 
039 0 |a 2  |b 3  |c 3  |d 3  |e 3 
040 |a DLC  |c DLC  |d TXA  |d UtOrBLW 
043 |a e-uk--- 
049 |a TXAM  |c [1272767] 
050 0 0 |a BR759  |b  H5 
082 0 |a 261.2/0941  |2 19 
100 1 |a Hick, John,  |d 1922-2012. 
245 1 0 |a God has many names :  |b Britain's new religious pluralism /  |c  John Hick. 
264 1 |a London :  |b Macmillan,  |c 1980. 
300 |a viii, 108 pages ;  |c 23 cm. 
336 |a text  |b txt  |2 rdacontent 
337 |a unmediated  |b n  |2 rdamedia 
338 |a volume  |b nc  |2 rdacarrier 
504 |a Includes bibliographical references and index. 
650 0 |a Christianity  |z Great Britain. 
650 0 |a Christianity and other religions. 
999 |a MARS 
999 f f |s b160767e-5610-311b-afc1-abb767aeffae  |i 5f4dd26e-bd92-32b4-84cc-e14090a90a42  |t 0 
952 f f |p ric  |a Texas A&M University  |b Rellis Campus  |c Joint Library Facility  |d Remote Storage  |t 0  |e BR759 H5  |h Library of Congress classification  |i unmediated -- volume  |m A14806022227 
998 f f |a BR759 H5  |t 0  |l Remote Storage